مكتبة جامعة عجلون الوطنية

فهرس بحث المكتبة

Normal view MARC view
  • Needles Jr,Belverd/ Powers.Marian/Mills, Sherry K / Anderson, Henry R ؛Consulting Author:Caldwell,James C ؛Consulting Editor: Crosson,Susan V

Entry Personal Name

Number of records used in: 1

001 - CONTROL NUMBER

  • control field: 3127

003 - CONTROL NUMBER IDENTIFIER

  • control field: JO-AjAnu

005 - DATE AND TIME OF LATEST TRANSACTION

  • control field: 20230606070821.0

008 - FIXED-LENGTH DATA ELEMENTS

  • fixed length control field: 230606|| aca||aabn | a|a d

040 ## - CATALOGING SOURCE

  • Original cataloging agency: JO-AjAnu
  • Transcribing agency: JO-AjAnu

100 ## - HEADING--PERSONAL NAME

  • Personal name: Needles Jr,Belverd/ Powers.Marian/Mills, Sherry K / Anderson, Henry R ؛Consulting Author:Caldwell,James C ؛Consulting Editor: Crosson,Susan V

670 ## - SOURCE DATA FOUND

  • Source citation: Work cat.: (JO-AjAnu)1639: Needles Jr,Belverd/ Powers.Marian/Mills, Sherry K / Anderson, Henry R ؛Consulting Author:Caldwell,James C ؛Consulting Editor: Crosson,Susan V, author, Managerial accounting